| 000 | 00665nam a22002177a 4500 | ||
|---|---|---|---|
| 003 | OSt | ||
| 005 | 20240119162600.0 | ||
| 008 | 190309b xxu||||| |||| 00| 0 eng d | ||
| 020 | _a9781543342673 | ||
| 040 | _cIIMT UNIVERSITY, MEERUT | ||
| 082 |
_21ST ED. _a615.7 _bR |
||
| 100 | _aRANDHAWA, S.S. | ||
| 245 |
_aENVIRONMENTAL SCIENCES _cAUTHOR _hENGLISH |
||
| 250 | _a1ST. ED. | ||
| 260 |
_aJALANDHAR _bPEEVEE BOOKS _c2018 |
||
| 300 |
_b142 PP. _ePAPERBACK |
||
| 760 | _b1ST. ED. | ||
| 856 |
_3PAPERBACK _uENVIRONMENTAL SCIENCES _zENVIRONMENTAL SCIENCES |
||
| 887 | _2TITLE | ||
| 942 |
_2ddc _c01 _e1ST.ED. _hTITLE _iSUB TITLE _k346.158 RAN _m346.158 RAN |
||
| 999 |
_c44802 _d44802 |
||